000 01317nam a2200313 i 4500
003 EG-GICUC
005 20260328090438.0
008 260328s2005 ua ||||fr|||| 00| 0 ara d
017 _a2005/10750
040 _a EG-GICUC
_c EG-GICUC
_d EG-GICUC
_erda
_bara
082 0 4 _221
_a341.762
_bم م . ا
092 0 4 _221
099 _aLaw1 11 341.762 م م . ا 2005
100 0 _aممدوح محيي الدين مرعي
_eمعد.
245 1 0 _aاتحاد المحاكم العليا العربية لحماية البيئة /
_cممدوح محيي الدين مرعي .
246 _aThe Union of Arab Supreme Courts for The Protection Of The Environmental
264 1 _aجمهورية مصر العربية :
_bالمحكمة الدستورية العليا ،
_c2005 .
300 _a132 صفحة؛
_c24 سم.
336 _2rda content
_atext
337 _2rda media
_aComputer
338 _2rda carrier
_aOnline Resource
546 _aالنص موازٍ باللغتين العربية والإنجليزية
650 0 4 _aالقانون الدولي العام
650 0 4 _aالموارد الطبيعية -- حماية -- قانون دولي
700 _aعادل عمر شريف
_eمعد.
856 4 0 _uhttps://fll.law.cu.edu.eg/fulltext/bks/B11-07735.pdf
905 _a59
942 _2ddc
_cBK
_e21
_n0
999 _c67057
_d67057